Alphabet Soup Quiz Stats

 Plays Quiz Updated Jul 7, 2017

Support Sporcle.
Go Orange.
Score 0/60 Timer 03:00
0 Plays Today
% Correct
???
86.6%
???
86%
???
84.9%
???
80.4%
???
79.9%
???
73.1%
???
70.1%
???
68.9%
???
68.2%
???
67.2%
???
66.5%
???
62.2%
???
61.8%
???
61.5%
???
59.1%
???
58%
???
57.7%
???
57.4%
???
56.7%
???
56.3%
???
54.7%
???
53.1%
???
52.5%
???
52.1%
???
49.8%
???
49.1%
???
48.8%
???
43.2%
???
43.1%
???
41.9%
% Correct
???
38.8%
???
37%
???
35.8%
???
34.1%
???
34.1%
???
33.9%
???
33.5%
???
33.4%
???
32.3%
???
32.3%
???
31.6%
???
31.1%
???
30.7%
???
30.3%
???
29.2%
???
29.1%
???
29%
???
28.7%
???
27.4%
???
24.7%
???
24.5%
???
23.3%
???
22.7%
???
20.1%
???
18.2%
???
15.9%
???
14.8%
???
14.1%
???
13.9%
???
13.7%

You're not logged in!

Compare scores with friends on all Sporcle quizzes.
OR
Log In
Forgot?

From the Vault

Words Gone to Pot

by zaphenath

As the pot stews, the words thicken.
Remove Ads.
Support Sporcle.
Get the best of Sporcle when you Go Orange. This ad-free experience offers more features, more stats, and more fun while also helping to support Sporcle. Thank you for becoming a member.

Show Comments

Extras

Top Quizzes Today


Score Distribution

Your Account Isn't Verified!

In order to create a playlist on Sporcle, you need to verify the email address you used during registration. Go to your Sporcle Settings to finish the process.

Report this User

Report this user for behavior that violates our Community Guidelines.

Details: